[Event "Liga Madrileña - DH 2011-2012"]
[Site "Madrid ESP"]
[Date "2012.03.04"]
[Round "13.45"]
[White "Gongora Montes, Benjamin"]
[Black "Unciti Juan, Javier"]
[Result "1-0"]
[WhiteElo "2217"]
[BlackElo "2143"]
[PlyCount "95"]
[EventDate "2011.11.13"]
[EventType "team"]
[EventRounds "14"]
[EventCountry "ESP"]
[Source "lmi"]
[SourceDate "2011.11.13"]
[WhiteTeam "64 Villalba"]
[BlackTeam "La Casa del Ajedrez"]
[WhiteTeamCountry "ESP"]
[BlackTeamCountry "ESP"]

1. e4 e6 2. d3 d5 3. Nd2 c5 4. Ngf3 Nc6 5. g3 Nf6 6. Bg2 Be7 7. O-O O-O 8. e5
Nd7 9. Re1 b5 10. Nf1 a5 11. a3 b4 12. h4 bxa3 13. bxa3 Rb8 14. N1h2 Nd4 15. h5
Nxf3+ 16. Qxf3 Bg5 17. h6 g6 18. Ng4 Ba6 19. Bxg5 Qxg5 20. Rab1 Rxb1 21. Rxb1
Nxe5 22. Nf6+ Kh8 23. Qf4 Qf5 24. Rb6 Bc8 25. Rb8 Qxf4 26. gxf4 Nc6 27. Rb5 Nd4
28. Rxc5 Nf5 29. Ng4 a4 30. Ra5 Bd7 31. c4 dxc4 32. dxc4 Rc8 33. c5 Nd4 34. Bb7
Rb8 35. Ne5 Nb3 36. Ra7 Nxc5 37. Nxd7 Nxd7 38. Bc6 Nc5 39. Rxf7 Kg8 40. Rg7+
Kf8 41. Rxh7 Kg8 42. Rg7+ Kh8 43. Re7 Rf8 44. Kg2 Rxf4 45. Kg3 g5 46. Rg7 Rf6
47. Rxg5 Rxh6 48. Rxc5 1-0

[Event "Liga Madrileña - DH 2011-2012"]
[Site "Madrid ESP"]
[Date "2012.03.04"]
[Round "13.46"]
[White "Collado Barbas, Laura"]
[Black "Bermejo Arruego, Luis"]
[Result "1/2-1/2"]
[WhiteElo "2078"]
[BlackElo "2171"]
[PlyCount "124"]
[EventDate "2011.11.13"]
[EventType "team"]
[EventRounds "14"]
[EventCountry "ESP"]
[Source "lmi"]
[SourceDate "2011.11.13"]
[WhiteTeam "La Casa del Ajedrez"]
[BlackTeam "64 Villalba"]
[WhiteTeamCountry "ESP"]
[BlackTeamCountry "ESP"]

1. d4 d5 2. c4 c6 3. Nf3 Nf6 4. e3 Bg4 5. Qb3 Qb6 6. c5 Qc7 7. Ne5 Bf5 8. Nd2
Nbd7 9. Ndf3 e6 10. Nd3 Be7 11. Be2 O-O 12. O-O b6 13. cxb6 axb6 14. Bd2 Rfc8
15. Rfc1 Ne4 16. Be1 c5 17. Qd1 Bf6 18. Nd2 Qd8 19. Nxe4 Bxe4 20. Bc3 cxd4 21.
exd4 Bg5 22. Bd2 Rc4 23. Rxc4 dxc4 24. Nb4 b5 25. a3 Nb6 26. Bxg5 Qxg5 27. f3
Qe3+ 28. Kh1 Bb7 29. Nc2 Qb3 30. Qc1 h6 31. Rb1 Rd8 32. Na1 Qa2 33. Nc2 Nd5 34.
h3 Qb3 35. Qd1 Ne3 36. Nxe3 Qxe3 37. Qf1 Rxd4 38. Rd1 Rd2 39. Rxd2 Qxd2 40. a4
bxa4 41. Bxc4 Qxb2 42. Qd1 Bd5 43. Bxd5 exd5 44. Qxa4 Qe5 45. Qa5 g6 46. Kg1 h5
47. Kf2 h4 48. Qd8+ Kg7 49. Qxh4 d4 50. Qe4 Qc5 51. Qd3 Qe5 52. g3 Qc5 53. Ke2
Qb4 54. f4 f5 55. Qc2 Qe7+ 56. Kf1 Qe3 57. Qf2 Qe4 58. Qe2 Qh1+ 59. Kf2 Qh2+
60. Kf3 Qh1+ 61. Kf2 Qh2+ 62. Kf3 Qh1+ 1/2-1/2

[Event "Liga Madrileña - DH 2011-2012"]
[Site "Madrid ESP"]
[Date "2012.03.11"]
[Round "14.11"]
[White "Candela Perez, Jose"]
[Black "Anton Guijarro, David"]
[Result "0-1"]
[WhiteElo "2424"]
[BlackElo "2469"]
[PlyCount "54"]
[EventDate "2011.11.13"]
[EventType "team"]
[EventRounds "14"]
[EventCountry "ESP"]
[Source "lmi"]
[SourceDate "2011.11.13"]
[WhiteTeam "La Casa del Ajedrez"]
[BlackTeam "Virgen de Atocha"]
[WhiteTeamCountry "ESP"]
[BlackTeamCountry "ESP"]

1. d4 Nf6 2. c4 g6 3. Nc3 Bg7 4. e4 d6 5. Nf3 O-O 6. h3 a6 7. Be3 Nbd7 8. Qc2
c5 9. d5 b5 10. cxb5 Qa5 11. Nd2 axb5 12. Bxb5 Ba6 13. a4 Nb6 14. b4 Qxb4 15.
Rb1 Qa5 16. Nb3 Qb4 17. Nxc5 Nfxd5 18. Rxb4 Nxb4 19. Qb3 dxc5 20. Bxc5 Bxc3+
21. Qxc3 Nxa4 22. Qxb4 Bxb5 23. Bxe7 Rfb8 24. Qd4 Nb6 25. h4 Ra4 26. Qd6 Ra1+
27. Kd2 Nc4+ 0-1

[Event "Liga Madrileña - DH 2011-2012"]
[Site "Madrid ESP"]
[Date "2012.03.11"]
[Round "14.12"]
[White "Almagro Llamas, Pablo"]
[Black "Gallego Jimenez, Victoriano"]
[Result "1/2-1/2"]
[WhiteElo "2461"]
[BlackElo "2390"]
[PlyCount "57"]
[EventDate "2011.11.13"]
[EventType "team"]
[EventRounds "14"]
[EventCountry "ESP"]
[Source "lmi"]
[SourceDate "2011.11.13"]
[WhiteTeam "Virgen de Atocha"]
[BlackTeam "La Casa del Ajedrez"]
[WhiteTeamCountry "ESP"]
[BlackTeamCountry "ESP"]

1. e4 c5 2. Nf3 d6 3. d4 Nf6 4. Nc3 cxd4 5. Nxd4 g6 6. Be3 Bg7 7. f3 O-O 8. Qd2
Nc6 9. Bc4 Nxd4 10. Bxd4 Be6 11. Bxe6 fxe6 12. O-O-O Qa5 13. Kb1 Rac8 14. h4
Rc4 15. Ne2 Qxd2 16. Rxd2 a6 17. b3 Rc6 18. e5 dxe5 19. Bxe5 Ne4 20. fxe4 Bxe5
21. Nc1 b5 22. h5 Rd6 23. Nd3 gxh5 24. Rdd1 Bg7 25. Rxh5 Rf4 26. e5 Rd5 27.
Rdh1 Rf7 28. Rxh7 Bxe5 29. Rxf7 1/2-1/2

[Event "Liga Madrileña - DH 2011-2012"]
[Site "Madrid ESP"]
[Date "2012.03.11"]
[Round "14.13"]
[White "Bass, Leonid"]
[Black "Rubio Mejia, Luis Ignacio"]
[Result "1/2-1/2"]
[WhiteElo "2410"]
[BlackElo "2439"]
[PlyCount "48"]
[EventDate "2011.11.13"]
[EventType "team"]
[EventRounds "14"]
[EventCountry "ESP"]
[Source "lmi"]
[SourceDate "2011.11.13"]
[WhiteTeam "La Casa del Ajedrez"]
[BlackTeam "Virgen de Atocha"]
[WhiteTeamCountry "ESP"]
[BlackTeamCountry "ESP"]

1. d4 Nf6 2. c4 e6 3. Nf3 b6 4. g3 Bb7 5. Bg2 Be7 6. O-O O-O 7. Nc3 Ne4 8. Qc2
Nxc3 9. Qxc3 d6 10. Rd1 Qc8 11. Qc2 f5 12. d5 e5 13. e4 fxe4 14. Ng5 Bxg5 15.
Bxg5 h6 16. Bd2 Nd7 17. Qxe4 Nc5 18. Qe2 a5 19. Be3 Qe8 20. Bxc5 bxc5 21. Be4
Bc8 22. f3 Bf5 23. Rf1 Qg6 24. Rae1 Rab8 1/2-1/2

[Event "Liga Madrileña - DH 2011-2012"]
[Site "Madrid ESP"]
[Date "2012.03.11"]
[Round "14.14"]
[White "Martinez Martin, David"]
[Black "Rojo Huerta, Gabriel"]
[Result "1-0"]
[WhiteElo "2395"]
[BlackElo "2355"]
[PlyCount "69"]
[EventDate "2011.11.13"]
[EventType "team"]
[EventRounds "14"]
[EventCountry "ESP"]
[Source "lmi"]
[SourceDate "2011.11.13"]
[WhiteTeam "Virgen de Atocha"]
[BlackTeam "La Casa del Ajedrez"]
[WhiteTeamCountry "ESP"]
[BlackTeamCountry "ESP"]

1. d4 Nf6 2. Nf3 e6 3. e3 b6 4. Bd3 Bb7 5. O-O d5 6. c4 Bd6 7. Nc3 Nbd7 8. cxd5
exd5 9. Qc2 O-O 10. Nb5 Qe7 11. Nxd6 Qxd6 12. b3 Ne4 13. Bb2 Rac8 14. Qe2 c6
15. a4 Rfe8 16. a5 c5 17. Rfc1 Rc7 18. axb6 axb6 19. Ra7 Bc6 20. Rxc7 Qxc7 21.
dxc5 bxc5 22. b4 c4 23. Bxc4 dxc4 24. Qxc4 Nec5 25. bxc5 Bxf3 26. gxf3 Qc6 27.
e4 Qg6+ 28. Kf1 Qh5 29. Ke2 Qxh2 30. c6 Ne5 31. Bxe5 Qxe5 32. c7 Rc8 33. Rd1
Qe8 34. Qc5 h5 35. Qa5 1-0

[Event "Liga Madrileña - DH 2011-2012"]
[Site "Madrid ESP"]
[Date "2012.03.11"]
[Round "14.15"]
[White "Elguezabal Varela, Daniel"]
[Black "Rabadan Velasco, Raul"]
[Result "1/2-1/2"]
[WhiteElo "2352"]
[BlackElo "2353"]
[PlyCount "68"]
[EventDate "2011.11.13"]
[EventType "team"]
[EventRounds "14"]
[EventCountry "ESP"]
[Source "lmi"]
[SourceDate "2011.11.13"]
[WhiteTeam "La Casa del Ajedrez"]
[BlackTeam "Virgen de Atocha"]
[WhiteTeamCountry "ESP"]
[BlackTeamCountry "ESP"]

1. c4 Nc6 2. d4 d5 3. Nc3 dxc4 4. Nf3 Nf6 5. e4 Bg4 6. Bxc4 e6 7. Bb5 Nd7 8.
Qa4 Bxf3 9. gxf3 Ne7 10. Be3 Ng6 11. O-O-O c6 12. Be2 Bd6 13. Qb3 Qc7 14. h4
Bf4 15. h5 Ne7 16. Rdg1 Rg8 17. Qa3 Nb6 18. Kb1 Bxe3 19. fxe3 a6 20. Qc5 Nd7
21. Qa3 Nb6 22. Qc5 Nd7 23. Qa3 b5 24. Rc1 Qb6 25. Qd6 Rd8 26. Nd1 Nf6 27. Qc5
Qb8 28. Rh3 Nd7 29. Qg5 e5 30. dxe5 Nxe5 31. Nf2 Rd2 32. Rc2 Rxc2 33. Kxc2 Qd6
34. Rh1 f6 1/2-1/2

[Event "Liga Madrileña - DH 2011-2012"]
[Site "Madrid ESP"]
[Date "2012.03.11"]
[Round "14.16"]
[White "Perez-Aranda Alonso, Leonardo"]
[Black "Suarez Uriel, Adrian"]
[Result "0-1"]
[WhiteElo "2117"]
[BlackElo "2238"]
[PlyCount "81"]
[EventDate "2011.11.13"]
[EventType "team"]
[EventRounds "14"]
[EventCountry "ESP"]
[Source "lmi"]
[SourceDate "2011.11.13"]
[WhiteTeam "Virgen de Atocha"]
[BlackTeam "La Casa del Ajedrez"]
[WhiteTeamCountry "ESP"]
[BlackTeamCountry "ESP"]

1. e4 c5 2. c4 Nc6 3. Nc3 g6 4. g3 Bg7 5. Bg2 d6 6. Nge2 e6 7. O-O Nge7 8. Rb1
O-O 9. a3 a5 10. d3 Nd4 11. Be3 Nec6 12. f4 f5 13. Bf2 Rb8 14. Nxd4 Nxd4 15.
Ne2 b5 16. Nxd4 Bxd4 17. Bxd4 cxd4 18. exf5 gxf5 19. Re1 Bd7 20. Qd2 Qb6 21.
cxb5 Qxb5 22. b4 Rfc8 23. Qa2 Kf7 24. Red1 a4 25. Qe2 Kg6 26. g4 Rf8 27. gxf5+
Qxf5 28. Kh1 Kf7 29. Qf2 Qf6 30. Qg3 Bc8 31. Rbc1 Qg6 32. Rc7+ Kf6 33. Qxg6+
hxg6 34. Ra7 Bb7 35. Kg1 Bd5 36. Kf2 Rh8 37. Kg3 Rbc8 38. Ra6 Rc3 39. Rxd6 Rxa3
40. Ra6 Ra2 41. b5 0-1

[Event "Liga Madrileña - DH 2011-2012"]
[Site "Madrid ESP"]
[Date "2012.03.11"]
[Round "14.21"]
[White "Valles Moreno, Ivan"]
[Black "Alcazar Jimenez, Victor Manuel"]
[Result "1-0"]
[WhiteElo "2391"]
[BlackElo "2379"]
[PlyCount "63"]
[EventDate "2011.11.13"]
[EventType "team"]
[EventRounds "14"]
[EventCountry "ESP"]
[Source "lmi"]
[SourceDate "2011.11.13"]
[WhiteTeam "Amigos del Retiro"]
[BlackTeam "Blanco y Negro"]
[WhiteTeamCountry "ESP"]
[BlackTeamCountry "ESP"]

1. e4 c5 2. Nf3 e6 3. d4 cxd4 4. Nxd4 a6 5. Be2 Bc5 6. O-O Qc7 7. Nb3 Be7 8. c4
b6 9. Nc3 d6 10. Qd3 Nd7 11. Qg3 g6 12. Bf4 Bb7 13. Rfd1 Ne5 14. a4 Nf6 15. a5
Nfd7 16. axb6 Qxb6 17. Na5 O-O 18. b4 Rfc8 19. Rab1 Bf6 20. Na4 Qc7 21. f3 Bc6
22. Nc3 Nb6 23. c5 dxc5 24. Nxc6 Qxc6 25. Bxe5 Bxe5 26. Qxe5 cxb4 27. Rxb4 Nd7
28. Qd4 e5 29. Qe3 a5 30. Nd5 Qe6 31. Rb7 Nc5 32. Rb6 1-0

[Event "Liga Madrileña - DH 2011-2012"]
[Site "Madrid ESP"]
[Date "2012.03.11"]
[Round "14.22"]
[White "Alarcia Astiz, Carlos"]
[Black "Vallejo Diaz, Javier"]
[Result "1-0"]
[WhiteElo "2313"]
[BlackElo "2367"]
[PlyCount "91"]
[EventDate "2011.11.13"]
[EventType "team"]
[EventRounds "14"]
[EventCountry "ESP"]
[Source "lmi"]
[SourceDate "2011.11.13"]
[WhiteTeam "Blanco y Negro"]
[BlackTeam "Amigos del Retiro"]
[WhiteTeamCountry "ESP"]
[BlackTeamCountry "ESP"]

1. e4 c5 2. Nf3 e6 3. d4 cxd4 4. Nxd4 a6 5. Nc3 Qc7 6. Be2 Nf6 7. O-O Nc6 8.
Kh1 b5 9. a3 Bb7 10. f4 Nxd4 11. Qxd4 Bc5 12. Qd3 d5 13. exd5 Nxd5 14. Nxd5
Bxd5 15. Qg3 O-O 16. Bd2 Bd4 17. c3 Bf6 18. Be3 Rad8 19. a4 Bc4 20. Qf2 Rd5 21.
Rfd1 Rxd1+ 22. Bxd1 g6 23. h3 Rb8 24. axb5 axb5 25. Bf3 b4 26. Ba7 bxc3 27.
bxc3 Rb3 28. Bd1 Rxc3 29. Bd4 Bxd4 30. Ra8+ Kg7 31. Qxd4+ Kh6 32. Qxc3 Qxf4 33.
Ra4 Qf1+ 34. Kh2 Qxd1 35. Qxc4 g5 36. Qd4 Qf1 37. Ra8 Qf5 38. Rg8 f6 39. Rf8
Kg7 40. Ra8 Kh6 41. Ra7 Kg6 42. Ra4 Qb5 43. Qe4+ Kh6 44. Rb4 Qd7 45. h4 Qd6+
46. Kh3 1-0

[Event "Liga Madrileña - DH 2011-2012"]
[Site "Madrid ESP"]
[Date "2012.03.11"]
[Round "14.23"]
[White "Fernandez Garcia, Miguel Angel"]
[Black "Alcazar Jimenez, Jesus Alberto"]
[Result "1-0"]
[WhiteElo "2318"]
[BlackElo "2252"]
[PlyCount "91"]
[EventDate "2011.11.13"]
[EventType "team"]
[EventRounds "14"]
[EventCountry "ESP"]
[Source "lmi"]
[SourceDate "2011.11.13"]
[WhiteTeam "Amigos del Retiro"]
[BlackTeam "Blanco y Negro"]
[WhiteTeamCountry "ESP"]
[BlackTeamCountry "ESP"]

1. d4 c5 2. d5 d6 3. Nc3 Nf6 4. Nf3 g6 5. e4 Bg7 6. Bb5+ Nfd7 7. a4 O-O 8. O-O
Na6 9. Bg5 h6 10. Be3 Nc7 11. Qd2 Nxb5 12. axb5 Kh7 13. Ra2 Nb6 14. Rfa1 a5 15.
bxa6 bxa6 16. b3 a5 17. Rb1 Bd7 18. Nd1 Qc7 19. h4 f5 20. exf5 Rxf5 21. c4 a4
22. Nh2 Rh5 23. Qe2 Rxh4 24. g3 Re4 25. f3 Re5 26. f4 Bf5 27. Rc1 Re4 28. g4
Bc8 29. Nf2 Rxe3 30. Qxe3 Bd4 31. Qd3 axb3 32. Qxb3 Rxa2 33. Qxa2 e6 34. Nf3
exd5 35. Nxd4 cxd4 36. Qd2 Qc5 37. cxd5 Qxd5 38. Qe2 Qf7 39. Qe4 Bb7 40. Qxd4
Nd5 41. Ne4 Qxf4 42. Rc7+ Nxc7 43. Nf6+ Qxf6 44. Qxf6 Be4 45. Qe7+ Kg8 46. Qxe4
1-0

[Event "Liga Madrileña - DH 2011-2012"]
[Site "Madrid ESP"]
[Date "2012.03.11"]
[Round "14.24"]
[White "Rivas Vila, David"]
[Black "Perez Gonzalez, Jose Manuel"]
[Result "1/2-1/2"]
[WhiteElo "2216"]
[BlackElo "2304"]
[PlyCount "37"]
[EventDate "2011.11.13"]
[EventType "team"]
[EventRounds "14"]
[EventCountry "ESP"]
[Source "lmi"]
[SourceDate "2011.11.13"]
[WhiteTeam "Blanco y Negro"]
[BlackTeam "Amigos del Retiro"]
[WhiteTeamCountry "ESP"]
[BlackTeamCountry "ESP"]

1. e4 d6 2. d4 Nf6 3. Nc3 g6 4. Nf3 Bg7 5. Be3 a6 6. Qd2 b5 7. Bd3 Bb7 8. a3
Nbd7 9. Bh6 Bxh6 10. Qxh6 e5 11. dxe5 dxe5 12. O-O-O Qe7 13. Rhe1 O-O-O 14. h3
Nc5 15. Qe3 Rd7 16. Re2 Nh5 17. Red2 Rhd8 18. Bf1 Rxd2 19. Rxd2 1/2-1/2

[Event "Liga Madrileña - DH 2011-2012"]
[Site "Madrid ESP"]
[Date "2012.03.11"]
[Round "14.25"]
[White "Sanchez Gonzalez, Sergio"]
[Black "Merayo Lopez, Abraham Julian"]
[Result "1-0"]
[WhiteElo "2286"]
[BlackElo "1831"]
[PlyCount "109"]
[EventDate "2011.11.13"]
[EventType "team"]
[EventRounds "14"]
[EventCountry "ESP"]
[Source "lmi"]
[SourceDate "2011.11.13"]
[WhiteTeam "Amigos del Retiro"]
[BlackTeam "Blanco y Negro"]
[WhiteTeamCountry "ESP"]
[BlackTeamCountry "ESP"]

1. c4 Nf6 2. Nf3 g6 3. g3 Bg7 4. d4 O-O 5. Bg2 c5 6. O-O cxd4 7. Nxd4 Nc6 8.
Nc3 a6 9. h3 e5 10. Nb3 d6 11. Bg5 h6 12. Be3 Be6 13. Nd5 Bxd5 14. cxd5 Ne7 15.
Rc1 e4 16. Bd4 Nexd5 17. Bxe4 Nxe4 18. Bxg7 Kxg7 19. Qxd5 Qe7 20. Qd4+ Kg8 21.
Rc2 Rac8 22. Rfc1 Rxc2 23. Rxc2 Rd8 24. Kg2 Nc5 25. Nc1 Rd7 26. b4 Qe4+ 27.
Qxe4 Nxe4 28. f3 Ng5 29. Nb3 Ne6 30. Kf2 Rc7 31. Rxc7 Nxc7 32. e4 d5 33. e5 f6
34. exf6 Kf7 35. Nc5 b5 36. Ke3 Kxf6 37. Kd4 g5 38. Nd3 Ke6 39. Kc5 Kd7 40. f4
gxf4 41. gxf4 Ke6 42. Kc6 Ne8 43. Kb6 Kf5 44. Kxa6 Nd6 45. Kb6 Ke4 46. Nc5+
Kxf4 47. Kc6 Ne4 48. Kxb5 Nc3+ 49. Kc6 Nxa2 50. b5 Nb4+ 51. Kd6 d4 52. b6 Na6
53. Nxa6 d3 54. Nc5 d2 55. Nd3+ 1-0

[Event "Liga Madrileña - DH 2011-2012"]
[Site "Madrid ESP"]
[Date "2012.03.11"]
[Round "14.31"]
[White "Vazquez Igarza, Renier"]
[Black "Serrano Salvador, Eduardo"]
[Result "1-0"]
[WhiteElo "2566"]
[BlackElo "2364"]
[PlyCount "53"]
[EventDate "2011.11.13"]
[EventType "team"]
[EventRounds "14"]
[EventCountry "ESP"]
[Source "lmi"]
[SourceDate "2011.11.13"]
[WhiteTeam "Collado Villalba"]
[BlackTeam "Moratalaz"]
[WhiteTeamCountry "ESP"]
[BlackTeamCountry "ESP"]

1. d4 d5 2. c4 c6 3. Nc3 Nf6 4. Nf3 e6 5. Bg5 h6 6. Bxf6 Qxf6 7. e3 Nd7 8. Bd3
g6 9. O-O Bg7 10. Re1 O-O 11. e4 dxe4 12. Nxe4 Qf4 13. c5 Qc7 14. Qc2 e5 15.
Nd6 exd4 16. Bc4 d3 17. Bxd3 Nf6 18. Bc4 Nd5 19. Ne5 Qd8 20. Nexf7 Qf6 21. Ne5
Bf5 22. Nxf5 Qxf5 23. Qxf5 Rxf5 24. Nxg6 Kf7 25. Ne7 Rf4 26. Bxd5+ cxd5 27.
Nxd5 1-0

[Event "Liga Madrileña - DH 2011-2012"]
[Site "Madrid ESP"]
[Date "2012.03.11"]
[Round "14.32"]
[White "Solaesa Navalpotro, Luis Julio"]
[Black "Moreno Ruiz, Javier"]
[Result "0-1"]
[WhiteElo "2270"]
[BlackElo "2513"]
[PlyCount "70"]
[EventDate "2011.11.13"]
[EventType "team"]
[EventRounds "14"]
[EventCountry "ESP"]
[Source "lmi"]
[SourceDate "2011.11.13"]
[WhiteTeam "Moratalaz"]
[BlackTeam "Collado Villalba"]
[WhiteTeamCountry "ESP"]
[BlackTeamCountry "ESP"]

1. d4 e6 2. Nf3 Nf6 3. g3 d5 4. c4 dxc4 5. Bg2 a6 6. O-O Nc6 7. e3 Rb8 8. Nfd2
Nd5 9. Nxc4 b5 10. Ncd2 Bb7 11. Nc3 Na5 12. Nxd5 Bxd5 13. b3 Bb4 14. Ne4 Nb7
15. Bb2 O-O 16. Rc1 Qe7 17. Qc2 Rbc8 18. Nc5 Bxg2 19. Kxg2 Nxc5 20. dxc5 Rfd8
21. Qe4 Bd2 22. Rc2 Rd5 23. Bd4 Ba5 24. c6 Rcd8 25. Rfc1 Bb4 26. a4 f5 27. Qf3
e5 28. Bc3 e4 29. Qe2 Bxc3 30. Rxc3 Rd2 31. Qe1 Qf7 32. axb5 axb5 33. R3c2 R2d3
34. b4 R8d6 35. Rc5 Qh5 0-1

[Event "Liga Madrileña - DH 2011-2012"]
[Site "Madrid ESP"]
[Date "2012.03.11"]
[Round "14.33"]
[White "Cao Armillas, Jesus"]
[Black "Rodriguez Yuste, Marcelo"]
[Result "0-1"]
[WhiteElo "2174"]
[BlackElo "2234"]
[PlyCount "48"]
[EventDate "2011.11.13"]
[EventType "team"]
[EventRounds "14"]
[EventCountry "ESP"]
[Source "lmi"]
[SourceDate "2011.11.13"]
[WhiteTeam "Collado Villalba"]
[BlackTeam "Moratalaz"]
[WhiteTeamCountry "ESP"]
[BlackTeamCountry "ESP"]

1. d4 Nf6 2. c4 e6 3. Nc3 d5 4. Bg5 Be7 5. e3 h6 6. Bh4 b6 7. cxd5 Nxd5 8. Bxe7
Qxe7 9. Nf3 O-O 10. Bd3 c5 11. O-O Nd7 12. Rc1 Nxc3 13. Rxc3 e5 14. dxe5 Nxe5
15. Be4 Bg4 16. Bxa8 Rxa8 17. Qd5 Bxf3 18. gxf3 Rd8 19. Qe4 Qg5+ 20. Kh1 Qh5
21. Rcc1 Nxf3 22. Qf4 Rd5 23. e4 Rg5 24. Rcd1 Nxh2 0-1

[Event "Liga Madrileña - DH 2011-2012"]
[Site "Madrid ESP"]
[Date "2012.03.11"]
[Round "14.36"]
[White "Minondo Torres, Alvaro"]
[Black "Lorite Cruz, Francisco"]
[Result "0-1"]
[WhiteElo "1820"]
[BlackElo "2040"]
[PlyCount "34"]
[EventDate "2011.11.13"]
[EventType "team"]
[EventRounds "14"]
[EventCountry "ESP"]
[Source "lmi"]
[SourceDate "2011.11.13"]
[WhiteTeam "Moratalaz"]
[BlackTeam "Collado Villalba"]
[WhiteTeamCountry "ESP"]
[BlackTeamCountry "ESP"]

1. e4 e5 2. b3 Nf6 3. d3 Bc5 4. Be2 Nc6 5. Nf3 d5 6. exd5 Nxd5 7. Bb2 Nf4 8.
O-O Qf6 9. Kh1 Qg6 10. g3 Bh3 11. Nh4 Qf6 12. Nd2 Bxf1 13. Ne4 Qxh4 14. gxh4
Bxe2 15. Qe1 Bb4 16. Bc3 Nd4 17. Bxb4 Bf3+ 0-1

[Event "Liga Madrileña - DH 2011-2012"]
[Site "Madrid ESP"]
[Date "2012.03.11"]
[Round "14.41"]
[White "Arribas Lopez, Angel"]
[Black "Moreno Trujillo, Alejandro"]
[Result "1/2-1/2"]
[WhiteElo "2487"]
[BlackElo "2474"]
[PlyCount "75"]
[EventDate "2011.11.13"]
[EventType "team"]
[EventRounds "14"]
[EventCountry "ESP"]
[Source "lmi"]
[SourceDate "2011.11.13"]
[WhiteTeam "Leganes"]
[BlackTeam "64 Villalba"]
[WhiteTeamCountry "ESP"]
[BlackTeamCountry "ESP"]

1. e4 e6 2. b3 d5 3. Bb2 dxe4 4. Nc3 Nf6 5. g4 h6 6. Bg2 Bd7 7. Nxe4 Nxe4 8.
Bxe4 Bc6 9. Qe2 Bxe4 10. Qxe4 Qd5 11. Qxd5 exd5 12. O-O-O f6 13. Re1+ Kf7 14.
Ne2 c6 15. f4 Nd7 16. Nd4 Bc5 17. Ne6 Rhe8 18. f5 Bd6 19. c4 dxc4 20. bxc4 Nc5
21. Nxc5 Bxc5 22. Kc2 Bf2 23. Rxe8 Rxe8 24. Kd3 Rd8+ 25. Ke2 Bd4 26. Rb1 b6 27.
h3 h5 28. a4 hxg4 29. hxg4 Bxb2 30. Rxb2 Rd4 31. a5 Rxg4 32. axb6 axb6 33. Kd3
Ke7 34. Rxb6 Kd6 35. Rb7 Kc5 36. Rc7 Kd6 37. Ra7 Kc5 38. Rc7 1/2-1/2

[Event "Liga Madrileña - DH 2011-2012"]
[Site "Madrid ESP"]
[Date "2012.03.11"]
[Round "14.42"]
[White "Moreno Tejera, Emilio"]
[Black "Prieto Martin, Alfonso"]
[Result "1-0"]
[WhiteElo "2319"]
[BlackElo "2158"]
[PlyCount "123"]
[EventDate "2011.11.13"]
[EventType "team"]
[EventRounds "14"]
[EventCountry "ESP"]
[Source "lmi"]
[SourceDate "2011.11.13"]
[WhiteTeam "64 Villalba"]
[BlackTeam "Leganes"]
[WhiteTeamCountry "ESP"]
[BlackTeamCountry "ESP"]

1. e4 c5 2. Nc3 e6 3. f4 Nc6 4. Nf3 Nge7 5. g3 g6 6. d4 cxd4 7. Nb5 d5 8. e5
Nf5 9. Nbxd4 Nfxd4 10. Nxd4 Qb6 11. c3 Bd7 12. Nc2 Bc5 13. b4 Bf2+ 14. Ke2 Rd8
15. Bg2 O-O 16. a4 a5 17. Rf1 axb4 18. Rxf2 b3 19. Be3 Qa6+ 20. Qd3 bxc2 21.
Qxa6 bxa6 22. Bb6 Rb8 23. a5 Nxa5 24. Be3 Nc4 25. Rc1 Rb2 26. Bf1 Rfb8 27. Kf3
Nxe3 28. Kxe3 Ba4 29. Bxa6 Rb1 30. Rff1 Kg7 31. Bd3 Rxc1 32. Rxc1 Rb2 33. Kd2
h6 34. Ra1 Bb3 35. Kc1 Rb1+ 36. Rxb1 cxb1=Q+ 37. Bxb1 f6 38. Kd2 fxe5 39. fxe5
g5 40. Ke3 h5 41. h4 Kh6 42. Kd4 Bc4 43. Kc5 gxh4 44. gxh4 Kg7 45. Kd6 Kf7 46.
Kd7 Be2 47. Bc2 Bb5+ 48. Kd8 Be2 49. Ba4 Kg6 50. Ke7 Kf5 51. Kd6 Bc4 52. Bd7 d4
53. cxd4 Bd5 54. Bc6 Bb3 55. Bf3 Kg6 56. Ke7 Bc4 57. Be4+ Kg7 58. Bc6 Kg6 59.
Be8+ Kf5 60. Bxh5 Ke4 61. Bg6+ Kf4 62. Kf6 1-0

[Event "Liga Madrileña - DH 2011-2012"]
[Site "Madrid ESP"]
[Date "2012.03.11"]
[Round "14.43"]
[White "Davicce Canada, Juan Antonio"]
[Black "Renteria Becerra, Jorge Elicer"]
[Result "1/2-1/2"]
[WhiteElo "2095"]
[BlackElo "2328"]
[PlyCount "81"]
[EventDate "2011.11.13"]
[EventType "team"]
[EventRounds "14"]
[EventCountry "ESP"]
[Source "lmi"]
[SourceDate "2011.11.13"]
[WhiteTeam "Leganes"]
[BlackTeam "64 Villalba"]
[WhiteTeamCountry "ESP"]
[BlackTeamCountry "ESP"]

1. d4 Nf6 2. c4 c5 3. d5 b5 4. cxb5 a6 5. bxa6 g6 6. Nc3 Bxa6 7. d6 exd6 8. Bg5
Nc6 9. Nf3 Be7 10. g3 O-O 11. Bg2 Rb8 12. Qd2 d5 13. O-O Ne4 14. Nxe4 dxe4 15.
Bxe7 Qxe7 16. Ng5 d5 17. h4 Nd4 18. Rfe1 Qe5 19. Rab1 Rb4 20. e3 Ne6 21. Nxe6
fxe6 22. b3 Rb7 23. Rbc1 c4 24. Qc3 Qf5 25. Rc2 cxb3 26. axb3 Bd3 27. Rb2 Rbb8
28. b4 Rfc8 29. Qd2 Rc4 30. Rc1 Qe5 31. Rb3 Rbc8 32. Rxc4 dxc4 33. Rc3 Qb5 34.
Bh3 Rc6 35. Qa2 Rb6 36. Qa8+ Kg7 37. Qd8 Qxb4 38. Qc7+ Kg8 39. Qd8+ Kf7 40.
Qc7+ Kg8 41. Qd8+ 1/2-1/2

[Event "Liga Madrileña - DH 2011-2012"]
[Site "Madrid ESP"]
[Date "2012.03.11"]
[Round "14.44"]
[White "Bolado Saez, Sergio"]
[Black "Ballester de Miguel, Miguel Angel"]
[Result "1-0"]
[WhiteElo "2361"]
[BlackElo "2070"]
[PlyCount "55"]
[EventDate "2011.11.13"]
[EventType "team"]
[EventRounds "14"]
[EventCountry "ESP"]
[Source "lmi"]
[SourceDate "2011.11.13"]
[WhiteTeam "64 Villalba"]
[BlackTeam "Leganes"]
[WhiteTeamCountry "ESP"]
[BlackTeamCountry "ESP"]

1. d4 Nf6 2. Nf3 g6 3. g3 Bg7 4. Bg2 O-O 5. c4 c5 6. O-O cxd4 7. Nxd4 Nc6 8.
Nc3 a6 9. c5 Qc7 10. Nb3 b5 11. cxb6 Qxb6 12. Be3 Qc7 13. Rc1 Rb8 14. Bf4 e5
15. Bg5 h6 16. Be3 Rd8 17. Qd2 Kh7 18. Nd5 Nxd5 19. Qxd5 f6 20. Bc5 Rb5 21. Qf7
Qb8 22. Rfd1 Nb4 23. Be7 Rg8 24. Bxf6 Rb6 25. Be7 Nxa2 26. Bd5 Rh8 27. Rc4 Rxb3
28. Bf6 1-0